000 00778nam a2200181 i 4500
001 162372
003 ES-MaACL
005 20230906212516.0
008 041108s1841 fr |||| | fre d
040 _aCAM
_bspa
_cCAM
100 1 _aPoitevin, Prosper (
_d1804-1884)
_9131238
245 1 0 _aEtude méthodique et raisonnée des homonymes français ou Exercices comparés sur tous les mots qui, sous une même prononciation suivent une orthographe différente /
_cpar M. Poitevin.
250 _a2e éd. ref.
260 _aParis :
_bchez L. Hachette,
_c1841 (
_fTypographie de Firmin Didot Frères)
300 _a180 p. ;
_c19 cm.
650 4 _aLengua francesa.
_9140408
852 _aES-MaACL
_jT-1308-F-3
_z-- Enc. hol., conservando la cub. original
_z-- Enc. en un vol. facticio
999 _c162372
_d162372